000 00887nam a22003012cc4500
001 1850146284
003 DE-627
005 20260212131245.0
007 tu
008 230615s2020 gw ||||| 00| ||ger c
020 _a9783963584602
_c: : EUR 7.00
035 _a(DE-627)1850146284
035 _a(DE-599)KXP1850146284
040 _aDE-627
_bger
_cDE-627
_erda
041 _ager
_hjpn
044 _cXA-DE
100 1 _aHagino, Makoto
_eVerfasserIn
_0(DE-588)1189174251
_0(DE-627)1667908391
_4aut
245 1 4 _aEin tropischer Fisch sehnt sich nach Schnee
_n5
_cMakoto Hagino
250 _a1. Auflage
264 1 _aHamburg
_bAltraverse
_c2020
300 _a162 Seiten
336 _aText
_btxt
_2rdacontent
337 _aohne Hilfsmittel zu benutzen
_bn
_2rdamedia
338 _aBand
_bnc
_2rdacarrier
773 1 8 _w(DE-627)1850291446
_g5
_q5
_7nnam
942 _2ddc
_cMGA
_n0
951 _aMV
999 _c1489
_d1489